000 00743cam a2200205 4500
001 WB3621-18
008 000000n2000 000 0 eng u
035 _a(Sirsi) u106180
245 _aDeveloper asks public for help with plans
260 _c2000
490 _aFinancial Times
_v 31 May 2000, 3(1)
520 _aProperty group, Crest Nicholson whose redevelopment plans for Bristol were rejected by the council has scrapped its scheme and announced a huge consultation programme for its revised proposals.
590 _aWB
650 _aPROPERTY DEVELOPMENT
650 _aCONSULTATION
650 _aREDEVELOPMENT
650 _aPUBLIC OPINION
690 _aENVIRONMENTAL AND LAND CONSULTANCY-PLANNING AND DEVELOPMENT
942 _n0
999 _c63610
_d63610